European Oncology Leaders The CancerFutures Collection 2001–2004.

CancerFutures was launched in 2001 with the aim of increasing knowledge about the complex world of cancer care through people and facts. Cover Story and Masterpiece are two key sections of the magazine that have featured in-depth interviews with some of Europe’s most influential oncology leaders – p...

Full description

Bibliographic Details
Main Authors: Veronesi, Umberto (Author), Redmond, Kathy (Author)
Corporate Author: SpringerLink (Online service)
Format: Electronic eBook
Language:English
Published: Berlin, Heidelberg : Springer Berlin Heidelberg, 2005.
Subjects:
Online Access:Full Text via HEAL-Link
LEADER 03186nam a22004215i 4500
001 978-3-540-27069-0
003 DE-He213
005 20150519191436.0
007 cr nn 008mamaa
008 100301s2005 gw | s |||| 0|eng d
020 |a 9783540270690  |9 978-3-540-27069-0 
024 7 |a 10.1007/b138562  |2 doi 
040 |d GrThAP 
050 4 |a RC254-282 
072 7 |a MJCL  |2 bicssc 
072 7 |a MED062000  |2 bisacsh 
082 0 4 |a 616.994  |2 23 
100 1 |a Veronesi, Umberto.  |e author. 
245 1 0 |a European Oncology Leaders  |h [electronic resource] :  |b The CancerFutures Collection 2001–2004. 
264 1 |a Berlin, Heidelberg :  |b Springer Berlin Heidelberg,  |c 2005. 
300 |a VIII, 168 p.  |b online resource. 
336 |a text  |b txt  |2 rdacontent 
337 |a computer  |b c  |2 rdamedia 
338 |a online resource  |b cr  |2 rdacarrier 
347 |a text file  |b PDF  |2 rda 
505 0 |a Cover Stories -- Martine Piccart: Medic and Musician… -- Gordon McVie: Making Waves -- Agnes Glaus: Softly Softly -- Mariano Barbacid: The Homecoming -- Liisa Elovainio: Tough on Tobacco -- Franco Cavalli: Rebel with (Several) Rauses -- Françoise Meunier: Chameleon Chief -- Jean-Pierre Armand: Sifting Sand -- Silvia Marsoni: The Go-Between -- Harry Bartelink: Putting Europe First -- Nora Kearney: Shaking Up the Big House -- Paris and Helen Kosmidis: A Legend in their Own Time -- Jacek Jassem: Reaching out From Gdansk -- Masterpieces -- Interview with Umberto Veronesi -- Maurice Tubiana: The Fighting Spirit Behind Cancerology -- Michael Baum: Shooting Sacred Cows -- Hans-Jörg Senn: Championing Consensus -- Gianni Bonnadona: Fighting for Every Life. 
520 |a CancerFutures was launched in 2001 with the aim of increasing knowledge about the complex world of cancer care through people and facts. Cover Story and Masterpiece are two key sections of the magazine that have featured in-depth interviews with some of Europe’s most influential oncology leaders – people who have been pioneers of the art and science of oncology over the past 30 years. These interviews comprise a unique collection of stories that give insight into the many personal and professional challenges these leaders have faced in building their careers and pushing forward the boundaries of oncology practice. The European School of Oncology is pleased to launch the CancerFutures Collection which will be of interest to all members of the European oncology community, both today and in the future. This collection acknowledges the tremendous contribution that these leaders have made to cancer care and pays tribute to their dedication and drive. It will provide encouragement for all those confronted with difficulties in building their careers, and will give some inspiration for future leaders. 
650 0 |a Medicine. 
650 0 |a Oncology. 
650 1 4 |a Medicine & Public Health. 
650 2 4 |a Oncology. 
700 1 |a Redmond, Kathy.  |e author. 
710 2 |a SpringerLink (Online service) 
773 0 |t Springer eBooks 
776 0 8 |i Printed edition:  |z 9783540236580 
856 4 0 |u http://dx.doi.org/10.1007/b138562  |z Full Text via HEAL-Link 
912 |a ZDB-2-SME 
950 |a Medicine (Springer-11650)